Statistiques concernant Grille de mots mini #6

Cliquez ici pour prendre le quiz!

Statistiques générales

  • Ce quiz a été pris 89 fois
  • Le résultat moyen est 22 sur 25

Statistiques - réponses

Place de la lettreRéponses% Correct
2 AB
98%
2 BA
95%
2 DB
94%
2 CR
94%
2 EE
93%
5 DE
93%
1 DI
93%
1 AE
92%
3 DE
92%
4 DR
90%
3 AA
89%
1 BM
89%
1 CO
89%
1 ES
89%
5 EE
87%
3 CI
87%
5 BA
86%
4 CE
86%
5 CL
86%
5 AS
86%
3 EN
84%
4 AT
84%
4 BI
83%
3 BR
83%
4 ES
83%

Distribution des résultats

Percentile par nombre de réponses

% des personnes avec chaque résultat

Votre développement - résultats

Vous n’avez pas pris ce quiz